[Event "Juegos Univers 31st blitz op"]
[Site "Pereira"]
[Date "2024.10.03"]
[Round "13"]
[White "Loaiza Cuervo, Santiago"]
[Black "Pabon Arevalo, Emmanuel Alejandro"]
[Result "0-1"]
[WhiteElo "2046"]
[BlackElo "1855"]
[PlyCount "79"]
[EventDate "2024.10.02"]
[EventType "swiss"]
[EventRounds "14"]
[EventCountry "COL"]
[SourceTitle "EXT 2025"]
[Source "ChessBase"]
[SourceDate "2024.10.14"]
[SourceVersion "1"]
[SourceVersionDate "2024.10.14"]
[SourceQuality "1"]

1. e4 e5 2. Nf3 Nc6 3. Bc4 Bc5 4. d3 Nf6 5. Bg5 h6 6. Bh4 g5 7. Bg3 d6 8. c3 Bb6 9. Nbd2 Be6 10. 0-0 Qd7 11. a4 a5 12. Qc2 Bxc4 13. Nxc4 Ba7 14. Rfe1 Qe6 15. Ne3 Nh5 16. Nd5 Rc8 17. Kh1 0-0 18. Rad1 f5 19. h3 f4 20. Bh2 g4 21. hxg4 Qxg4 22. d4 Kh8 23. dxe5 dxe5 24. Rg1 Rg8 25. Rd3 Rg7 26. Qd2 Rcg8 27. b4 axb4 28. cxb4 Nd4 29. Nxe5 Qh4 30. Rh3 Qg5 31. Nd3 Ne6 32. Bxf4 Nhxf4 33. N3xf4 c6 34. Rh5 cxd5 35. Rxg5 Rxg5 36. Nh3 Rh5 37. exd5 Ng5 38. Kh2 Bb8+ 39. f4 Ne4 40. Qd4+ 0-1

[Event "Juegos Univers 31st blitz op"]
[Site "Pereira"]
[Date "2024.10.02"]
[Round "1"]
[White "Duran Cardoso, Tomas"]
[Black "Pabon Arevalo, Emmanuel Alejandro"]
[Result "0-1"]
[WhiteElo "1723"]
[BlackElo "1855"]
[PlyCount "92"]
[EventDate "2024.10.02"]
[EventType "swiss"]
[EventRounds "14"]
[EventCountry "COL"]
[SourceTitle "EXT 2025"]
[Source "ChessBase"]
[SourceDate "2024.10.14"]
[SourceVersion "1"]
[SourceVersionDate "2024.10.14"]
[SourceQuality "1"]

1. c4 Nf6 2. Nc3 c5 3. g3 Nc6 4. Bg2 g6 5. e4 e5 6. d3 d6 7. Nge2 Nd4 8. 0-0 Bg7 9. h3 0-0 10. f4 Bd7 11. g4 exf4 12. Bxf4 Bc6 13. Bg5 Ne6 14. Bh4 g5 15. Bg3 h6 16. Qd2 Qe7 17. Rae1 Ne8 18. Nd5 Qd8 19. Nec3 Nd4 20. Kh2 Be5 21. Ne2 Kg7 22. Nxd4 Bxd4 23. Ne3 Bd7 24. Nf5+ Bxf5 25. exf5 Nc7 26. b3 Rb8 27. Re2 f6 28. Rfe1 Be5 29. d4 cxd4 30. Qd3 Na6 31. Bd5 Nc5 32. Qd2 b6 33. Kg2 Re8 34. Rf1 Re7 35. Rfe1 Qc7 36. Bf2 Rbe8 37. Bxd4 Bxd4 38. Rxe7+ Rxe7 39. Rxe7+ Qxe7 40. Qxd4 Qe2+ 41. Kg3 Nd3 42. Bf3 Qe1+ 43. Kh2 Qe5+ 44. Qxe5 Nxe5 45. Bd5 Nd3 46. Kg3 Nc1 0-1

[Event "Juegos Univers 31st blitz op"]
[Site "Pereira"]
[Date "2024.10.02"]
[Round "12"]
[White "Londono Lopez, Donaldo Eliuver"]
[Black "Pabon Arevalo, Emmanuel Alejandro"]
[Result "1-0"]
[WhiteElo "2145"]
[BlackElo "1855"]
[PlyCount "139"]
[EventDate "2024.10.02"]
[EventType "swiss"]
[EventRounds "14"]
[EventCountry "COL"]
[SourceTitle "EXT 2025"]
[Source "ChessBase"]
[SourceDate "2024.10.14"]
[SourceVersion "1"]
[SourceVersionDate "2024.10.14"]
[SourceQuality "1"]

1. e4 e5 2. Nf3 Nc6 3. Bb5 a6 4. Ba4 Nf6 5. 0-0 b5 6. Bb3 Be7 7. Re1 0-0 8. d4 Nxd4 9. Nxd4 exd4 10. e5 Ne8 11. c3 dxc3 12. Nxc3 Bb7 13. Nd5 Bxd5 14. Bxd5 Rb8 15. Qh5 d6 16. e6 fxe6 17. Bxe6+ Kh8 18. Re3 Nf6 19. Qh3 d5 20. Bd2 d4 21. Rf3 Ne4 22. Rxf8+ Qxf8 23. Bf5 Nf6 24. Bg5 h6 25. Bc2 Nh7 26. Bd2 Qf7 27. Qd3 Nf8 28. Qxd4 Rd8 29. Qf4 Qd5 30. Bc3 Qg5 31. Qxg5 Bxg5 32. g3 Nd7 33. Rd1 Nb6 34. f4 Be7 35. Rxd8+ Bxd8 36. b3 Nd5 37. Bd2 c6 38. Be4 Bb6+ 39. Kf1 Kg8 40. Ke2 Kf7 41. Bxd5+ cxd5 42. Kd3 g6 43. g4 h5 44. h3 Ke6 45. Bc3 hxg4 46. hxg4 Bc7 47. Bd2 a5 48. a4 bxa4 49. bxa4 Bb6 50. Be3 Bc7 51. Ke2 Bd6 52. Kf3 Bb4 53. Bd4 Bd2 54. Be3 Bb4 55. Ke2 Bd6 56. Kd3 Bb4 57. Kd4 Be1 58. Kc5 Bb4+ 59. Kb5 Bc3 60. Bc5 d4 61. Kc4 Bd2 62. Bxd4 Bxf4 63. Bc3 Bc7 64. Kb5 g5 65. Bxa5 Bxa5 66. Kxa5 Ke5 67. Kb5 Kf4 68. a5 Kxg4 69. a6 Kh3 70. a7 1-0

[Event "Juegos Univers 31st rap op"]
[Site "Pereira"]
[Date "2024.10.02"]
[Round "2"]
[White "Pabon Arevalo, Emmanuel Alejandro"]
[Black "Mora Munoz, John Alexander"]
[Result "0-1"]
[WhiteElo "1855"]
[BlackElo "1770"]
[PlyCount "78"]
[EventDate "2024.10.01"]
[EventType "swiss"]
[EventRounds "7"]
[EventCountry "COL"]
[SourceTitle "EXT 2025"]
[Source "ChessBase"]
[SourceDate "2024.10.14"]
[SourceVersion "1"]
[SourceVersionDate "2024.10.14"]
[SourceQuality "1"]

1. c4 Nf6 2. d4 e6 3. Nf3 Bb4+ 4. Bd2 Be7 5. Nc3 b6 6. e4 Bb7 7. Bd3 d5 8. Qe2 dxe4 9. Nxe4 Nbd7 10. Nc3 0-0 11. 0-0 c5 12. Be3 Rc8 13. Rad1 Qc7 14. b3 Rfd8 15. Bb1 cxd4 16. Nxd4 a6 17. Rfe1 Bb4 18. Rc1 Nc5 19. Red1 Qe5 20. f4 Qh5 21. Qxh5 Nxh5 22. Nce2 Ba3 23. Rc2 Be4 24. Rcd2 Bb4 25. Nc6 Bxd2 26. Nxd8 Bxe3+ 27. Kf1 Bxb1 28. Nc6 Bd3 29. Ne7+ Kf8 30. Nxc8 Nxf4 31. Ke1 Nxg2+ 32. Kf1 Nf4 33. Ke1 Ne4 34. Rxd3 Nxd3+ 35. Kd1 Ke8 36. Kc2 Nb4+ 37. Kb2 Kd7 38. Na7 Kc7 39. a3 Nd3+ 0-1

[Event "Juegos Univers 31st blitz op"]
[Site "Pereira"]
[Date "2024.10.02"]
[Round "10"]
[White "Pabon Arevalo, Emmanuel Alejandro"]
[Black "Vallejo, Flavieth"]
[Result "1/2-1/2"]
[WhiteElo "1855"]
[BlackElo "1784"]
[PlyCount "32"]
[EventDate "2024.10.02"]
[EventType "swiss"]
[EventRounds "14"]
[EventCountry "COL"]
[SourceTitle "EXT 2025"]
[Source "ChessBase"]
[SourceDate "2024.10.14"]
[SourceVersion "1"]
[SourceVersionDate "2024.10.14"]
[SourceQuality "1"]

1. e4 c5 2. c3 d5 3. exd5 Qxd5 4. d4 cxd4 5. cxd4 Nf6 6. Nc3 Qd8 7. Nf3 Nc6 8. d5 Nb8 9. h3 g6 10. Qb3 Bg7 11. Be2 0-0 12. 0-0 Nbd7 13. Be3 b6 14. Rfd1 Bb7 15. Rac1 Rb8 16. Qa3 Rc8 1/2-1/2

[Event "Juegos Univers 31st op"]
[Site "Pereira"]
[Date "2024.09.30"]
[Round "6"]
[White "Rios Parra, Juan Fernando"]
[Black "Pabon Arevalo, Emmanuel Alejandro"]
[Result "1/2-1/2"]
[WhiteElo "1920"]
[BlackElo "1855"]
[PlyCount "197"]
[EventDate "2024.09.28"]
[EventType "swiss"]
[EventRounds "7"]
[EventCountry "COL"]
[SourceTitle "EXT 2025"]
[Source "ChessBase"]
[SourceDate "2024.10.14"]
[SourceVersion "1"]
[SourceVersionDate "2024.10.14"]
[SourceQuality "1"]

1. e4 e5 2. Nf3 Nc6 3. Bb5 a6 4. Ba4 Nf6 5. 0-0 Be7 6. Re1 b5 7. Bb3 0-0 8. a4 Rb8 9. axb5 axb5 10. c3 d6 11. h3 Bb7 12. d4 Ra8 13. Rxa8 Qxa8 14. Nbd2 Re8 15. Ng5 Nd8 16. Bc2 Bf8 17. d5 c6 18. dxc6 Bxc6 19. b3 h6 20. Ngf3 Ne6 21. c4 bxc4 22. bxc4 Nc5 23. Qe2 Rb8 24. Nh2 Qa2 25. Bd3 Qa1 26. Ng4 Nfd7 27. f3 Qd4+ 28. Nf2 Ne6 29. Nf1 Qc5 30. Be3 Qa3 31. Rb1 Rb7 32. Rb2 Rxb2 33. Bc2 Rb1 34. Bxb1 Be7 35. Qa2 Qxa2 36. Bxa2 Bd8 37. Nd3 Bb6 38. Nb4 Bb7 39. Nd5 Bc5 40. Bxc5 dxc5 41. Nfe3 Kf8 42. Bb3 Nd4 43. Ba4 Nb8 44. Kf2 Ba6 45. Ke1 Bc8 46. Nd1 f5 47. Kd2 Kf7 48. Nf2 Bd7 49. Bxd7 Nxd7 50. exf5 Nxf5 51. Ne4 Nd4 52. Ke3 Nf5+ 53. Kf2 Ke6 54. Nc7+ Ke7 55. Nd5+ Kd8 56. g4 Nd4 57. h4 Kc8 58. Nd6+ Kd8 59. Ke3 Nb8 60. Nf7+ Kd7 61. Nxe5+ Ke6 62. Nd3 Kd6 63. f4 Nbc6 64. Ke4 Na5 65. Ne5 Nab3 66. Nc3 Ne6 67. Nb5+ Ke7 68. f5 Nf8 69. Kd5 Nh7 70. Nc3 Nf6+ 71. Kc6 Ke8 72. Nd5 Ne4 73. Nf4 Ke7 74. Ne6 Nd4+ 75. Nxd4 cxd4 76. Kd5 d3 77. Nxd3 Nf6+ 78. Kd4 Nxg4 79. c5 Nf6 80. Ne5 Kd8 81. c6 Kc7 82. Kc5 Ne4+ 83. Kd5 Nf6+ 84. Ke6 Ne8 85. Kf7 Nd6+ 86. Kg6 Ne8 87. h5 Kd6 88. Kf7 Nf6 89. Kxg7 Nxh5+ 90. Kxh6 Nf6 91. Kg6 Kxe5 92. c7 Nd5 93. Kg7 Nf6 94. Kg6 Nd5 95. Kg7 Nf6 96. Kh6 Kd5 97. Kg5 Ke5 98. Kg6 Nd7 99. f6 1/2-1/2

[Event "Bucaramanga op"]
[Site "Bucaramanga"]
[Date "2023.09.07"]
[Round "3"]
[White "Pedraza Aldana, Alexandra"]
[Black "Pabon Arevalo, Emmanuel Alejandro"]
[Result "0-1"]
[WhiteElo "1236"]
[BlackElo "1609"]
[PlyCount "88"]
[EventDate "2023.09.06"]
[EventType "swiss"]
[EventRounds "9"]
[EventCountry "COL"]
[SourceTitle "CBM 216 Extra"]
[Source "ChessBase"]
[SourceDate "2023.11.30"]
[SourceVersion "1"]
[SourceVersionDate "2023.11.30"]
[SourceQuality "1"]

1. e4 e5 2. Nf3 Nc6 3. Nc3 Nf6 4. d4 exd4 5. Nxd4 Bb4 6. Nxc6 bxc6 7. Bd3 d5 8. e5 Ng4 9. 0-0 0-0 10. Bf4 Re8 11. h3 Nxe5 12. Bxh7+ Kxh7 13. Qh5+ Kg8 14. Bxe5 Bd6 15. Bd4 c5 16. Bxg7 Kxg7 17. Nxd5 c6 18. Ne3 Qf6 19. Rad1 Qe5 20. Qxe5+ Bxe5 21. c3 Be6 22. f4 Bf6 23. g4 Bxa2 24. Nf5+ Kf8 25. g5 Bh8 26. h4 Re2 27. Rd6 Bd5 28. Rd1 Rae8 29. Rh6 Kg8 30. c4 Bf3 31. Rd7 R2e6 32. h5 Bg4 33. Rxe6 Rxe6 34. Nh6+ Rxh6 35. Rd8+ Kh7 36. gxh6 Bxb2 37. Rd6 a5 38. Rxc6 a4 39. Kf1 a3 40. Ra6 Be6 41. Ra4 a2 42. Kf2 a1Q 43. Rxa1 Bxa1 44. Kf3 Kxh6 0-1

[Event "Bucaramanga op"]
[Site "Bucaramanga"]
[Date "2023.09.06"]
[Round "1"]
[White "Lopez Bedoya, Wilson"]
[Black "Pabon Arevalo, Emmanuel Alejandro"]
[Result "0-1"]
[WhiteElo "1271"]
[BlackElo "1609"]
[PlyCount "32"]
[EventDate "2023.09.06"]
[EventType "swiss"]
[EventRounds "9"]
[EventCountry "COL"]
[SourceTitle "CBM 216 Extra"]
[Source "ChessBase"]
[SourceDate "2023.11.30"]
[SourceVersion "1"]
[SourceVersionDate "2023.11.30"]
[SourceQuality "1"]

1. e4 e5 2. Nc3 Nc6 3. f4 exf4 4. d4 g5 5. Nf3 g4 6. Ne5 Nxe5 7. dxe5 Qh4+ 8. Kd2 d6 9. exd6 Bxd6 10. Be2 Be6 11. Qe1 Qf6 12. Bb5+ c6 13. Ba4 0-0-0 14. Ke2 f3+ 15. gxf3 Qxf3+ 16. Kd2 Bf4# 0-1

[Event "Medellin Flores op 30th"]
[Site "Medellin"]
[Date "2023.08.06"]
[Round "6"]
[White "Pabon Arevalo, Emmanuel Alejandro"]
[Black "Campo Jimenez, David"]
[Result "1/2-1/2"]
[WhiteElo "1686"]
[BlackElo "1316"]
[PlyCount "60"]
[EventDate "2023.08.03"]
[EventType "swiss"]
[EventRounds "9"]
[EventCountry "COL"]
[SourceTitle "EXT 2024"]
[Source "ChessBase"]
[SourceDate "2023.10.10"]
[SourceVersion "1"]
[SourceVersionDate "2023.10.10"]
[SourceQuality "1"]

1. e4 c5 2. c3 d5 3. exd5 Qxd5 4. d4 Nf6 5. Nf3 e6 6. Be3 cxd4 7. cxd4 Bb4+ 8. Nc3 Qa5 9. Bd2 0-0 10. Bd3 Nc6 11. 0-0 Rd8 12. a3 Bxc3 13. Bxc3 Qc7 14. Qc2 h6 15. Rac1 Bd7 16. Qe2 Qb6 17. Rfd1 Nd5 18. Qe4 Nf6 19. Qh4 Nd5 20. Bd2 Nce7 21. Bxh6 gxh6 22. Qxh6 Nf5 23. Qg5+ Ng7 24. Qh4 Nf5 25. Qg5+ Ng7 26. Qh4 Nf5 27. Qg4+ Ng7 28. Ne5 Be8 29. Qh4 Nf5 30. Qg4+ Ng7 1/2-1/2

[Event "COL-ch U18"]
[Site "Bogota"]
[Date "2023.05.14"]
[Round "6"]
[White "Giraldo Guevara, Juan Diego"]
[Black "Pabon Arevalo, Emmanuel Alejandro"]
[Result "1-0"]
[WhiteElo "1583"]
[BlackElo "1717"]
[PlyCount "85"]
[EventDate "2023.05.11"]
[EventType "swiss"]
[EventRounds "7"]
[EventCountry "COL"]
[SourceTitle "CBM 214 Extra"]
[Source "ChessBase"]
[SourceDate "2023.07.31"]
[SourceVersion "1"]
[SourceVersionDate "2023.07.31"]
[SourceQuality "1"]

1. e4 e5 2. Nf3 Nc6 3. Bb5 a6 4. Ba4 Nf6 5. d3 b5 6. Bb3 d6 7. c3 Be7 8. 0-0 0-0 9. Nbd2 h6 10. Re1 Bg4 11. Nf1 Na5 12. Bc2 c5 13. h3 Be6 14. a4 Qc7 15. Bd2 Rfd8 16. Rc1 Rdb8 17. b4 Nc6 18. a5 d5 19. bxc5 Bxc5 20. d4 Bd6 21. dxe5 Nxe5 22. Nxe5 Bxe5 23. exd5 Bxd5 24. Qe2 Re8 25. Ne3 Bc6 26. c4 Qb7 27. cxb5 Bxg2 28. Nxg2 Bh2+ 29. Kxh2 Rxe2 30. Rxe2 Qxb5 31. Rce1 Rc8 32. Re5 Qb8 33. Bf5 Rd8 34. Bf4 Qb4 35. Bg3 g6 36. Bb1 Kf8 37. Bf4 g5 38. Be3 Qb8 39. Bc5+ Kg7 40. f4 Rd2 41. fxg5 Nd7 42. gxh6+ Kf6 43. Be7# 1-0

[Event "COL-ch U18"]
[Site "Bogota"]
[Date "2023.05.13"]
[Round "4"]
[White "Luna Velandia, Juan Sebastian"]
[Black "Pabon Arevalo, Emmanuel Alejandro"]
[Result "1-0"]
[WhiteElo "1473"]
[BlackElo "1717"]
[PlyCount "101"]
[EventDate "2023.05.11"]
[EventType "swiss"]
[EventRounds "7"]
[EventCountry "COL"]
[SourceTitle "CBM 214 Extra"]
[Source "ChessBase"]
[SourceDate "2023.07.31"]
[SourceVersion "1"]
[SourceVersionDate "2023.07.31"]
[SourceQuality "1"]

1. e4 e5 2. Nf3 Nc6 3. d4 exd4 4. Bc4 Bc5 5. c3 Nf6 6. e5 d5 7. Bb5 Ne4 8. cxd4 Bb6 9. h3 0-0 10. 0-0 Bf5 11. Bf4 f6 12. Bxc6 bxc6 13. Nc3 Nxc3 14. bxc3 Be4 15. Nd2 Bf5 16. a4 Ba5 17. Rc1 Bb6 18. exf6 Qxf6 19. Be5 Qg6 20. Bg3 Rae8 21. Nf3 Be4 22. Nd2 Bd3 23. Re1 c5 24. Rxe8 Rxe8 25. Qf3 c6 26. Be5 cxd4 27. cxd4 Bc2 28. Nb3 Rf8 29. Qc3 Be4 30. Qg3 Qxg3 31. Bxg3 Rf6 32. a5 Bd8 33. Bh4 Rf8 34. Bxd8 Rxd8 35. Rxc6 Rb8 36. Nc5 Bg6 37. Ra6 Ra8 38. Kf1 Kf8 39. Ke1 Ke7 40. Kd2 Bf5 41. g4 Bc8 42. Rc6 Rb8 43. Rc7+ Kd6 44. Rxa7 Rb4 45. Kd3 h5 46. Rxg7 hxg4 47. hxg4 Rb2 48. f4 Ra2 49. a6 Kc6 50. Rg8 Bxa6+ 51. Nxa6 1-0

[Event "COL-ch U18"]
[Site "Bogota"]
[Date "2023.05.12"]
[Round "3"]
[White "Pabon Arevalo, Emmanuel Alejandro"]
[Black "Brito Carrascal, Camilo Andres"]
[Result "0-1"]
[WhiteElo "1717"]
[BlackElo "1832"]
[PlyCount "52"]
[EventDate "2023.05.11"]
[EventType "swiss"]
[EventRounds "7"]
[EventCountry "COL"]
[SourceTitle "CBM 214 Extra"]
[Source "ChessBase"]
[SourceDate "2023.07.31"]
[SourceVersion "1"]
[SourceVersionDate "2023.07.31"]
[SourceQuality "1"]

1. e4 c5 2. c3 e6 3. d4 d5 4. exd5 exd5 5. Nf3 Nf6 6. Bd3 Be7 7. dxc5 Bxc5 8. 0-0 0-0 9. Bg5 Bg4 10. Nbd2 Nbd7 11. Qc2 Qc7 12. Rfe1 h6 13. Bh4 Rac8 14. h3 Bxf3 15. Nxf3 g5 16. Bg3 Qxg3 17. b4 Bb6 18. Re7 Qd6 19. Rae1 Rce8 20. Rxe8 Rxe8 21. Rd1 Ne5 22. Be2 Nxf3+ 23. Bxf3 Qe5 24. c4 dxc4 25. Qxc4 Qb2 26. Rf1 Re1 0-1

[Event "COL-ch U18"]
[Site "Bogota"]
[Date "2023.05.11"]
[Round "1"]
[White "Pabon Arevalo, Emmanuel Alejandro"]
[Black "Sanchez Fonseca, Alejandro"]
[Result "1-0"]
[WhiteElo "1717"]
[BlackElo "1228"]
[PlyCount "81"]
[EventDate "2023.05.11"]
[EventType "swiss"]
[EventRounds "7"]
[EventCountry "COL"]
[SourceTitle "CBM 214 Extra"]
[Source "ChessBase"]
[SourceDate "2023.07.31"]
[SourceVersion "1"]
[SourceVersionDate "2023.07.31"]
[SourceQuality "1"]

1. e4 e5 2. Nf3 Nc6 3. Bb5 Nf6 4. d3 a6 5. Bxc6 dxc6 6. Nxe5 Qd4 7. Nf3 Qb6 8. 0-0 Bg4 9. Nbd2 Bb4 10. Nc4 Qc5 11. h3 Bh5 12. Be3 Qb5 13. a4 Bxf3 14. Qxf3 Qh5 15. g4 Qh4 16. Bf4 0-0 17. Ne3 h5 18. g5 Nh7 19. Nf5 Nxg5 20. Nxh4 Nxf3+ 21. Nxf3 Bd6 22. Bxd6 cxd6 23. Nd4 c5 24. Nf5 Rfe8 25. Nxd6 Re6 26. Nxb7 Rg6+ 27. Kh2 Rb8 28. Nxc5 Rxb2 29. Rac1 Rc6 30. d4 Rb4 31. c3 Rb8 32. Rb1 Re8 33. a5 Rf6 34. Rb6 Rf3 35. Rb3 Ra8 36. Kg2 Rf6 37. f4 Rg6+ 38. Kf2 Rc6 39. Rb6 Rxb6 40. axb6 g6 41. b7 1-0